[Event "European Club Cup (Women)"]
[Site "Skopje MKD"]
[Date "2015.10.19"]
[EventDate "2015.10.18"]
[Round "2.2"]
[Result "0-1"]
[White "Anastasia Bodnaruk"]
[Black "Antoaneta Stefanova"]
[WhiteElo "2459"]
[BlackElo "2500"]
[PlyCount "124"]

1. e4 e5 2. Nf3 Nc6 3. Bb5 Nf6 4. d3 d6 5. O-O Bd7 6. c4 h6
7. Nc3 g6 8. h3 Bg7 9. Be3 O-O 10. d4 exd4 11. Nxd4 Re8
12. Bxc6 bxc6 13. Qc2 Qe7 14. Rfe1 Nxe4 15. Bxh6 Bxh6 16. Rxe4
Qf6 17. Rd1 Bg7 18. b4 Rxe4 19. Nxe4 Qh4 20. Ne2 Re8 21. N2g3
Be5 22. Qd3 Kg7 23. Nd2 Be6 24. Rc1 Qf4 25. Re1 d5 26. cxd5
Bxd5 27. a3 Bd4 28. Rf1 Bf6 29. Ne2 Qe5 30. Ng3 Rd8 31. Nde4
Bxe4 32. Qxe4 Qxe4 33. Nxe4 Bb2 34. Rb1 Bxa3 35. Rb3 Bc1
36. Rc3 Rd1+ 37. Kh2 Bf4+ 38. g3 Rd4 39. gxf4 Rxe4 40. Kg3
Rxb4 41. Rxc6 Rb7 42. Ra6 c5 43. Rc6 Rb5 44. Ra6 c4 45. Rxa7
Rc5 46. Ra2 c3 47. Rc2 Kf6 48. Kf3 Kf5 49. Ke3 Rc8 50. Kf3 Rc4
51. Ke3 Re4+ 52. Kd3 Rxf4 53. Ke3 Rc4 54. Kd3 Rc8 55. Rxc3
Rxc3+ 56. Kxc3 Ke4 57. Kd2 Kf3 58. Ke1 Kg2 59. Ke2 Kxh3
60. Kf3 f6 61. Kf4 Kg2 62. f3 Kh3 0-1

[Event "European Club Cup (Women)"]
[Site "Skopje MKD"]
[Date "2015.10.20"]
[EventDate "2015.10.18"]
[Round "3.1"]
[Result "1/2-1/2"]
[White "Antoaneta Stefanova"]
[Black "Nana Dzagnidze"]
[WhiteElo "2500"]
[BlackElo "2573"]
[PlyCount "60"]

1. d4 Nf6 2. Bf4 e6 3. e3 b6 4. Nf3 Bb7 5. Nbd2 Nh5 6. Bg5 Be7
7. Bxe7 Qxe7 8. g4 Nf6 9. g5 Ne4 10. Rg1 f5 11. gxf6 Nxf6
12. Bd3 Nc6 13. c3 e5 14. Nxe5 Nxe5 15. dxe5 Qxe5 16. Rxg7
O-O-O 17. Qa4 Ne4 18. Bxe4 Qxg7 19. Qxa7 Qg1+ 20. Ke2 Qg4+
21. f3 Qg2+ 22. Kd3 Bxe4+ 23. fxe4 d5 24. Kc2 Rhe8 25. Qa8+
Kd7 26. Qxd5+ Ke7 27. Qe5+ Kd7 28. Qd5+ Ke7 29. Qe5+ Kd7
30. Qd5+ Ke7 1/2-1/2

[Event "European Club Cup (Women)"]
[Site "Skopje MKD"]
[Date "2015.10.21"]
[EventDate "2015.10.18"]
[Round "4.2"]
[Result "0-1"]
[White "Anne Haast"]
[Black "Antoaneta Stefanova"]
[WhiteElo "2384"]
[BlackElo "2500"]
[PlyCount "132"]

1. e4 e5 2. Nf3 Nc6 3. d4 exd4 4. Nxd4 Qf6 5. Be3 Bc5 6. c3
Nge7 7. Bc4 O-O 8. O-O b6 9. Na3 Bb7 10. b4 Bxd4 11. cxd4 Qg6
12. d5 Ne5 13. f3 Nxc4 14. Nxc4 d6 15. Rc1 f5 16. Qd4 Rf7
17. b5 fxe4 18. fxe4 Rxf1+ 19. Kxf1 a6 20. Nd2 Rc8 21. a4 axb5
22. axb5 Qe8 23. Qd3 Ng6 24. Kg1 Ne5 25. Qe2 Qe7 26. Nf1 Rf8
27. Ng3 Bc8 28. Rc3 Rf7 29. Qc2 Qd7 30. Bxb6 Qxb5 31. Bxc7 Ba6
32. h3 Nc4 33. Rxc4 Qxc4 34. Qxc4 Bxc4 35. Bxd6 g6 36. Bc5 h5
37. h4 Rf4 38. Be7 Kf7 39. Bg5 Rg4 40. Kf2 Ke8 41. Kf3 Bd3
42. Bf6 Kd7 43. Bg5 Bc2 44. Kf2 Bxe4 45. Nxe4 Rxe4 46. Kf3 Rd4
47. Kg3 Kd6 48. Kf3 Kxd5 49. Kf2 Ke4 50. Ke2 Rb4 51. Kf2 Rb3
52. Kg1 Rg3 53. Be7 Ke3 54. Kf1 Rg4 55. Bc5+ Kd3 56. Be7 Rf4+
57. Kg1 Ke2 58. Bg5 Rb4 59. Be7 Rb7 60. Bg5 Rb1+ 61. Kh2 Kf2
62. Be7 Rb2 63. Bf6 Ra2 64. Kh3 Kf1 65. g3 Kg1 66. Bd4+ Kh1
0-1

[Event "Qatar Masters"]
[Site "Doha QAT"]
[Date "2015.12.20"]
[EventDate "2015.12.20"]
[Round "1.61"]
[Result "1-0"]
[White "Antoaneta Stefanova"]
[Black "Jouri Goriatchkin"]
[WhiteElo "2521"]
[BlackElo "2318"]
[PlyCount "75"]

1. Nf3 d5 2. g3 Bg4 3. Bg2 Nd7 4. h3 Bh5 5. O-O e6 6. d3 Bd6
7. e4 c6 8. Qe1 Qc7 9. exd5 cxd5 10. Nc3 Be7 11. Nd4 Ngf6
12. Bf4 Qb6 13. Ndb5 O-O 14. Nc7 Rac8 15. N7xd5 exd5 16. Qxe7
d4 17. Nd5 Qxb2 18. Rfc1 Nxd5 19. Bxd5 Nb6 20. Bb3 Bf3 21. Bd2
Nd5 22. Qxb7 Rc7 23. Qa6 Nc3 24. Kh2 Rd8 25. Re1 h6 26. Qa5
Rcd7 27. Bxc3 Qxc3 28. Qxc3 dxc3 29. Re5 g6 30. Rae1 Bd5
31. Re8+ Kg7 32. Rxd8 Rxd8 33. Re7 a5 34. Rc7 h5 35. Rxc3 Rd7
36. Bxd5 Rxd5 37. h4 a4 38. Rc4 1-0

[Event "Qatar Masters"]
[Site "Doha QAT"]
[Date "2015.12.21"]
[EventDate "2015.12.20"]
[Round "2.12"]
[Result "1-0"]
[White "David Howell"]
[Black "Antoaneta Stefanova"]
[WhiteElo "2688"]
[BlackElo "2521"]
[PlyCount "59"]

1. c4 g6 2. d4 Bg7 3. e4 e6 4. Nf3 Ne7 5. h4 d5 6. e5 c5
7. dxc5 Nbc6 8. Bf4 Qa5+ 9. Nc3 O-O 10. Qa4 Qxc5 11. Rd1 Qb6
12. Qb5 Qc7 13. Qc5 Rd8 14. Be2 b6 15. Qa3 a6 16. O-O Bb7
17. cxd5 exd5 18. Rfe1 d4 19. Ne4 Nd5 20. Bg3 Nxe5 21. Rc1
Nxf3+ 22. Bxf3 Qd7 23. Qb3 d3 24. Red1 Qe6 25. Rxd3 h6
26. Rcd1 Bc6 27. Nc3 Bxc3 28. bxc3 Qe8 29. Bxd5 Ba4 30. Bxf7+
1-0

[Event "Qatar Masters"]
[Site "Doha QAT"]
[Date "2015.12.22"]
[EventDate "2015.12.20"]
[Round "3.44"]
[Result "1-0"]
[White "Antoaneta Stefanova"]
[Black "Changren Dai"]
[WhiteElo "2521"]
[BlackElo "2328"]
[PlyCount "105"]

1. Nf3 Nf6 2. g3 g6 3. b3 Bg7 4. Bb2 O-O 5. Bg2 d6 6. d4 a5
7. c4 a4 8. b4 Nbd7 9. Qc2 Nb6 10. Nfd2 c6 11. e4 d5 12. c5
Nbd7 13. e5 Ne8 14. Nc3 b5 15. O-O Nc7 16. f4 f5 17. Nf3 Kh8
18. Bc1 Rg8 19. Be3 Nf8 20. Rf2 Nfe6 21. Bf1 Bd7 22. Bd3 Qf8
23. Raf1 Bh6 24. a3 Qg7 25. Ne2 Raf8 26. Kh1 Qf7 27. Qc1 Qe8
28. h3 Ng7 29. Rg1 Qc8 30. Nh2 Nge6 31. g4 g5 32. gxf5 Nxf4
33. Bxf4 Bxf5 34. Bxf5 Qxf5 35. Bg3 Qxh3 36. Qf1 Qh5 37. Rxf8
Rxf8 38. Qg2 Ne6 39. Rf1 Nf4 40. Bxf4 gxf4 41. Qg4 Qf7 42. Nf3
Rg8 43. Qh3 Rg6 44. Rg1 e6 45. Rxg6 Qxg6 46. Qh4 Kg8 47. Qd8+
Kf7 48. Qd7+ Kg8 49. Qxc6 Qh5+ 50. Kg2 Qg4+ 51. Kf2 Kf7
52. Qd7+ Kg6 53. Qe7 1-0

[Event "Qatar Masters"]
[Site "Doha QAT"]
[Date "2015.12.23"]
[EventDate "2015.12.20"]
[Round "4.21"]
[Result "1-0"]
[White "Denis Khismatullin"]
[Black "Antoaneta Stefanova"]
[WhiteElo "2654"]
[BlackElo "2521"]
[PlyCount "107"]

1. Nf3 d5 2. g3 Bg4 3. Bg2 c6 4. c4 e6 5. O-O Nf6 6. cxd5 cxd5
7. Qb3 Qc7 8. Nc3 Nc6 9. d3 Bc5 10. Bf4 Qe7 11. e4 Bxf3
12. Bxf3 Nd4 13. Qa4+ b5 14. Qd1 b4 15. Na4 Nxf3+ 16. Qxf3 Bd4
17. Rac1 O-O 18. Rc7 Qe8 19. b3 Rc8 20. Rfc1 Rxc7 21. Rxc7 Qd8
22. Rc2 Qa8 23. exd5 Nxd5 24. Rc4 e5 25. Bd2 a5 26. Nc5 Bc3
27. Nd7 Re8 28. Rc5 Bxd2 29. Rxd5 Bc3 30. Nxe5 f6 31. Nc4 a4
32. Kg2 axb3 33. axb3 Qa2 34. Rd7 Qa8 35. Rb7 Rd8 36. Nd6 Qa5
37. Nf5 Kh8 38. Nxg7 Qd5 39. Qxd5 Rxd5 40. Ne6 h6 41. Nf4 Ra5
42. Ng6+ Kg8 43. Ne7+ Kf8 44. Nc6 Ra3 45. d4 Rxb3 46. d5 Be5
47. Rxb4 Rd3 48. Nxe5 fxe5 49. Rb8+ Ke7 50. Rh8 Kd6 51. h4 e4
52. Rxh6+ Kxd5 53. Rh8 Ke5 54. Rf8 1-0

[Event "Qatar Masters"]
[Site "Doha QAT"]
[Date "2015.12.24"]
[EventDate "2015.12.20"]
[Round "5.27"]
[Result "0-1"]
[White "Antoaneta Stefanova"]
[Black "Evgeny Tomashevsky"]
[WhiteElo "2521"]
[BlackElo "2744"]
[PlyCount "132"]

1. Nf3 Nf6 2. g3 d5 3. Bg2 c6 4. O-O Bf5 5. d3 e6 6. Nh4 Bg4
7. h3 Bh5 8. Qe1 Be7 9. f4 Nfd7 10. Nf3 f5 11. e4 O-O 12. Be3
fxe4 13. dxe4 Na6 14. g4 Bf7 15. e5 Bc5 16. Bxc5 Naxc5 17. Qe3
Qb6 18. b3 Ne4 19. Nd4 Bg6 20. a4 c5 21. Nb5 a6 22. N5a3 Qb4
23. Kh2 Qd4 24. Qxd4 cxd4 25. c4 dxc3 26. Bxe4 Bxe4 27. Nxc3
Bd3 28. Rfd1 Bg6 29. f5 Bf7 30. Nxd5 Nxe5 31. Nc7 Rac8
32. Nxe6 Bxe6 33. fxe6 Rce8 34. Rd6 Rf6 35. Rc1 Rfxe6 36. Rxe6
Rxe6 37. Rc8+ Kf7 38. Kg3 Kf6 39. Rc7 Rb6 40. Rc3 g5 41. Nc2
Rd6 42. h4 h6 43. Kh3 Rd1 44. hxg5+ hxg5 45. Ne3 Rd4 46. Kg3
Re4 47. Kh3 Ke6 48. Nc2 Kd6 49. Ne3 Rf4 50. Nf5+ Kd5 51. Nh6
Kd4 52. Rg3 Kc5 53. Re3 Kd4 54. Rg3 a5 55. Nf5+ Kd5 56. Ne7+
Kc5 57. Rc3+ Kd4 58. Rg3 Rf3 59. Nf5+ Kc3 60. Nd6 Rxg3+
61. Kxg3 Kxb3 62. Ne4 Kxa4 63. Nxg5 Kb4 64. Ne6 a4 65. Kf4
Nxg4 66. Kxg4 a3 0-1

[Event "Qatar Masters"]
[Site "Doha QAT"]
[Date "2015.12.26"]
[EventDate "2015.12.20"]
[Round "6.39"]
[Result "1-0"]
[White "Eesha Karavade"]
[Black "Antoaneta Stefanova"]
[WhiteElo "2379"]
[BlackElo "2521"]
[PlyCount "79"]

1. e4 g6 2. d4 Bg7 3. Nc3 c6 4. f4 d6 5. Nf3 Bg4 6. Be3 Qb6
7. Qd2 Bxf3 8. gxf3 Nd7 9. O-O-O Qa5 10. Kb1 b5 11. Bd3 Nb6
12. Ne2 Qa6 13. h4 h5 14. Ng3 e6 15. f5 Nc4 16. Bxc4 bxc4
17. fxe6 fxe6 18. Qb4 Rd8 19. Bf4 d5 20. Bg5 Bf8 21. Qd2 Rb8
22. Qf4 Qb6 23. b3 Rh7 24. Qe5 Kd7 25. exd5 cxd5 26. Rhe1 Rf7
27. Ne2 cxb3 28. axb3 Rxf3 29. Nc1 Ne7 30. Nd3 Nf5 31. Qf6 Be7
32. Qf7 Rf8 33. Qh7 Kd8 34. Nc5 e5 35. Rxe5 Re8 36. Rde1 Kc8
37. Rxe7 Nxe7 38. Rxe7 Ref8 39. Rxa7 Qc6 40. Ra6 1-0

[Event "Qatar Masters"]
[Site "Doha QAT"]
[Date "2015.12.27"]
[EventDate "2015.12.20"]
[Round "7.51"]
[Result "1-0"]
[White "Antoaneta Stefanova"]
[Black "Alexander Seyb"]
[WhiteElo "2521"]
[BlackElo "2425"]
[PlyCount "71"]

1. Nf3 Nf6 2. g3 g6 3. b3 Bg7 4. Bb2 b6 5. e4 d6 6. Bg2 Bb7
7. d3 O-O 8. O-O e5 9. Nbd2 c5 10. Ng5 Nh5 11. Nh3 Nc6 12. f4
exf4 13. Bxg7 Nxg7 14. Nxf4 Ne5 15. Nc4 Nxc4 16. bxc4 Qd7
17. Qd2 Rae8 18. Rae1 Re5 19. Re2 f5 20. Ref2 Ree8 21. c3 fxe4
22. Bxe4 Bxe4 23. dxe4 Qd8 24. Qd5+ Kh8 25. Qb7 g5 26. Nd5
Rxf2 27. Rxf2 Rxe4 28. Qxa7 h6 29. Rf6 Re1+ 30. Kf2 Re6
31. Qf7 Rxf6+ 32. Nxf6 Qa8 33. Qg6 Qxa2+ 34. Ke3 Nf5+ 35. Qxf5
Kg7 36. Nh5+ 1-0

[Event "Qatar Masters"]
[Site "Doha QAT"]
[Date "2015.12.28"]
[EventDate "2015.12.20"]
[Round "8.43"]
[Result "1/2-1/2"]
[White "Pontus Carlsson"]
[Black "Antoaneta Stefanova"]
[WhiteElo "2433"]
[BlackElo "2521"]
[PlyCount "110"]

1. e4 e5 2. Nf3 Nc6 3. Bb5 a6 4. Ba4 Nge7 5. c3 d6 6. d4 Bd7
7. O-O Ng6 8. d5 Nb8 9. c4 Be7 10. Nc3 O-O 11. Bxd7 Qxd7
12. Be3 a5 13. b3 f5 14. exf5 Qxf5 15. Nd2 Nh4 16. Nde4 Qg6
17. Ng3 Bg5 18. Qh5 Qxh5 19. Nxh5 Bxe3 20. fxe3 Nf5 21. Rf3
Nd7 22. Raf1 g6 23. Nb5 c6 24. Nc7 Nxe3 25. Rxe3 Rxf1+
26. Kxf1 Rf8+ 27. Ke2 gxh5 28. dxc6 bxc6 29. Rd3 Rc8 30. Na6
Kf7 31. Rxd6 Ke7 32. Rh6 Nf6 33. h3 Rg8 34. Kf1 Kf7 35. g4
hxg4 36. hxg4 Rxg4 37. Nb8 Rf4+ 38. Ke1 Re4+ 39. Kf1 c5
40. Nc6 a4 41. Nd8+ Kg7 42. Rh3 axb3 43. axb3 Kg6 44. Ne6 Nd7
45. Rxh7 Kxh7 46. Ng5+ Kg6 47. Nxe4 Kf5 48. Nc3 e4 49. Ke2 Ke5
50. Na2 Kd4 51. b4 cxb4 52. Nxb4 Nf6 53. c5 Kxc5 54. Nd3+ Kd4
55. Nf2 Nd5 1/2-1/2

[Event "Qatar Masters"]
[Site "Doha QAT"]
[Date "2015.12.29"]
[EventDate "2015.12.20"]
[Round "9.44"]
[Result "1-0"]
[White "Antoaneta Stefanova"]
[Black "Zhonghan Ma"]
[WhiteElo "2521"]
[BlackElo "2463"]
[PlyCount "53"]

1. d4 Nf6 2. Nf3 e6 3. e3 c5 4. Bd3 d5 5. b3 cxd4 6. exd4 Bd6
7. O-O b6 8. Ne5 O-O 9. Bg5 Nbd7 10. f4 Qc7 11. Qf3 Bb7
12. Nd2 Bb4 13. Rad1 Bc3 14. Qf2 Rae8 15. Kh1 Ne4 16. Nxe4
dxe4 17. Bb5 f6 18. Bxd7 Re7 19. Qe3 Ba6 20. Rg1 fxg5 21. Bc6
Bb4 22. fxg5 Ref7 23. Bxe4 Rf2 24. Qh3 g6 25. Qxe6+ Kh8
26. Qh3 Rg8 27. Nxg6+ 1-0

[Event "Tradewise Gibraltar"]
[Site "Catalan Bay GIB"]
[Date "2016.01.26"]
[EventDate "2016.01.26"]
[Round "1.56"]
[Result "0-1"]
[White "Reinhard Blodig"]
[Black "Antoaneta Stefanova"]
[WhiteElo "2158"]
[BlackElo "2515"]
[PlyCount "72"]

1. g3 d5 2. Nf3 g6 3. Bg2 Bg7 4. c4 e6 5. O-O Ne7 6. d4 Nbc6
7. cxd5 exd5 8. e3 O-O 9. Nc3 Nf5 10. b3 Nce7 11. Ba3 Re8
12. Qd2 Nd6 13. Ne5 c6 14. Rfe1 Nef5 15. f4 a5 16. Rac1 Bf8
17. Bc5 f6 18. Bxd6 Bxd6 19. Nd3 Ba3 20. Rc2 Re7 21. Qf2 Nd6
22. e4 dxe4 23. Nxe4 Nxe4 24. Rxe4 Bf5 25. Rxe7 Bxe7 26. Qe3
Bf8 27. Rd2 Qb6 28. Nf2 a4 29. Bf1 Qb4 30. g4 Bd7 31. f5 axb3
32. fxg6 bxa2 33. gxh7+ Kh8 34. Rd1 a1=Q 35. Qf4 Qd6 36. Rxa1
Rxa1 0-1

[Event "Tradewise Gibraltar"]
[Site "Catalan Bay GIB"]
[Date "2016.01.27"]
[EventDate "2016.01.26"]
[Round "2.48"]
[Result "1-0"]
[White "Antoaneta Stefanova"]
[Black "Juan Manuel Bellon Lopez"]
[WhiteElo "2515"]
[BlackElo "2376"]
[PlyCount "61"]

1. d4 Nf6 2. c4 c5 3. d5 b5 4. cxb5 a6 5. e3 g6 6. Nc3 Bg7
7. a4 O-O 8. e4 Ne8 9. Nf3 axb5 10. Bxb5 Nd6 11. Bd3 Ba6
12. O-O Qa5 13. e5 Nf5 14. Nb5 Bxb5 15. Bxb5 d6 16. Bf4 Qb4
17. Bd2 Qe4 18. Bc3 Nh4 19. Nxh4 Qxh4 20. f4 Ra7 21. Be1 Qh5
22. g4 Qh6 23. h4 Bh8 24. g5 Qg7 25. Bc3 f6 26. Qe2 Nd7
27. exd6 exd6 28. Qe6+ Qf7 29. Qxd6 fxg5 30. fxg5 Qe8
31. Rxf8+ 1-0

[Event "Tradewise Gibraltar"]
[Site "Catalan Bay GIB"]
[Date "2016.02.01"]
[EventDate "2016.01.26"]
[Round "7.38"]
[Result "0-1"]
[White "Kenneth T Solomon"]
[Black "Antoaneta Stefanova"]
[WhiteElo "2390"]
[BlackElo "2515"]
[PlyCount "84"]

1. d4 d6 2. Nf3 g6 3. c4 Bg7 4. Nc3 e5 5. dxe5 dxe5 6. Qxd8+
Kxd8 7. e4 h6 8. Be3 Be6 9. Be2 Nc6 10. O-O-O+ Kc8 11. h3 b6
12. g4 Kb7 13. Rhg1 Nf6 14. Nh4 Rag8 15. Nd5 Nd4 16. Bxd4 exd4
17. Nf4 Bd7 18. e5 Nh7 19. Nhxg6 fxg6 20. Nxg6 Be8 21. Nxh8
Bxe5 22. Kc2 Rxh8 23. Bd3 Ng5 24. h4 Nh3 25. Rge1 Bf6 26. Re6
Rf8 27. f3 Nf4 28. Be4+ Kc8 29. Rxf6 Rxf6 30. Rxd4 c5 31. Rd2
Bg6 32. g5 Bxe4+ 33. fxe4 hxg5 34. hxg5 Rg6 35. Rf2 Ne6
36. Rf7 a6 37. a3 Rxg5 38. Rf2 Rg3 39. Rf6 Kd7 40. Rf7+ Kd6
41. Rb7 Kc6 42. Rf7 Re3 0-1

[Event "Tradewise Gibraltar"]
[Site "Catalan Bay GIB"]
[Date "2016.02.03"]
[EventDate "2016.01.26"]
[Round "9.41"]
[Result "0-1"]
[White "Jiri Rydl"]
[Black "Antoaneta Stefanova"]
[WhiteElo "2412"]
[BlackElo "2515"]
[PlyCount "110"]

1. c4 g6 2. g3 Bg7 3. Bg2 e5 4. Nc3 d6 5. e4 Nc6 6. Nge2 f5
7. d3 Nf6 8. O-O O-O 9. Nd5 h6 10. Be3 Be6 11. exf5 Bxf5
12. h3 g5 13. Qb3 Qc8 14. Kh2 Nd7 15. c5 Kh8 16. cxd6 cxd6
17. Rac1 Qb8 18. Rfd1 Nc5 19. Qa3 Nd4 20. Bxd4 exd4 21. b4 Qe8
22. Ng1 Qa4 23. Qxa4 Nxa4 24. Rc7 Rac8 25. Rxc8 Bxc8 26. Ne7
Bf5 27. Nxf5 Rxf5 28. Nf3 Kg8 29. Re1 Kf7 30. g4 Rb5 31. a3
Nc3 32. Nd2 Re5 33. Nf3 Rxe1 34. Nxe1 Be5+ 35. Kg1 d5 36. Nc2
Ke6 37. Kf1 Kd6 38. Ke1 b6 39. Kd2 Bf4+ 40. Ke1 Ke5 41. b5
Nxb5 42. Nb4 Nxa3 43. Nxd5 b5 44. Nb4 Kd6 45. Na6 Bc1 46. Bf3
Bb2 47. Bd1 Bc3+ 48. Ke2 Nb1 49. f4 gxf4 50. h4 Ba5 51. Kf3
Bd8 52. Kxf4 Bxh4 53. Kf5 Be1 54. Bc2 Nc3 55. Bb3 Bd2 0-1

[Event "Tradewise Gibraltar"]
[Site "Catalan Bay GIB"]
[Date "2016.02.04"]
[EventDate "2016.01.26"]
[Round "10.32"]
[Result "1-0"]
[White "Antoaneta Stefanova"]
[Black "Rao Prasanna"]
[WhiteElo "2515"]
[BlackElo "2460"]
[PlyCount "77"]

1. Nf3 Nf6 2. g3 d5 3. Bg2 Bg4 4. c4 c6 5. Ne5 Be6 6. cxd5
Bxd5 7. Nf3 c5 8. Nc3 Bc6 9. O-O Nbd7 10. d4 e6 11. a3 cxd4
12. Qxd4 Rc8 13. b4 a6 14. e4 Be7 15. Re1 O-O 16. e5 Nd5
17. Ne4 Bb5 18. Bg5 Bxg5 19. Nfxg5 Rc4 20. Qb2 Qc7 21. Nd6 Rc2
22. Qd4 Qc3 23. Qxc3 Nxc3 24. Bxb7 Bd3 25. Re3 Bb5 26. Nf3 Nb6
27. Nd4 Rd2 28. N6xb5 Nxb5 29. Nf3 Rb2 30. Bxa6 Nc7 31. Bb7
Rb8 32. Be4 Nbd5 33. Rd3 h6 34. Nd4 f6 35. Nxe6 Rb6 36. Rxd5
Nxd5 37. Bxd5 fxe5 38. Nc5+ Kh8 39. Na4 1-0

[Event "FIDE Women's Grand Prix Tehran"]
[Site "Tehran IRI"]
[Date "2016.02.11"]
[EventDate "2016.02.10"]
[Round "1"]
[Result "1/2-1/2"]
[White "Antoaneta Stefanova"]
[Black "Nino Batsiashvili"]
[WhiteElo "2509"]
[BlackElo "2485"]
[PlyCount "92"]

1. Nf3 c5 2. g3 g6 3. e4 Bg7 4. d4 cxd4 5. Nxd4 Nc6 6. Ne2 Nf6
7. Bg2 O-O 8. Nbc3 d6 9. O-O Bd7 10. h3 Rc8 11. Kh1 Qa5
12. Nf4 b5 13. Bd2 b4 14. Ncd5 Nxd5 15. exd5 Ne5 16. a3 Nc4
17. Nd3 Qc7 18. axb4 Nxd2 19. Qxd2 Qxc2 20. Qxc2 Rxc2 21. Rxa7
Bb5 22. Rd1 Bf6 23. f4 Bxd3 24. Rxd3 Rxb2 25. Rc7 Ra8 26. Rc1
Raa2 27. Bf3 Rxb4 28. h4 Bd4 29. Rcd1 Bf2 30. Kg2 Rbb2 31. Kh3
Bc5 32. Rh1 h5 33. f5 gxf5 34. Bxh5 e6 35. dxe6 fxe6 36. g4
fxg4+ 37. Bxg4 Kf7 38. h5 Ra3 39. Rxa3 Bxa3 40. Rf1+ Ke7
41. h6 Rb8 42. Kh4 Bb2 43. Kh5 Bh8 44. Rc1 Rg8 45. Rc4 Rd8
46. Kg6 Rg8+ 1/2-1/2

[Event "FIDE Women's Grand Prix Tehran"]
[Site "Tehran IRI"]
[Date "2016.02.12"]
[EventDate "2016.02.10"]
[Round "2"]
[Result "1/2-1/2"]
[White "Antoaneta Stefanova"]
[Black "Zhao Xue"]
[WhiteElo "2509"]
[BlackElo "2506"]
[PlyCount "99"]

1. Nf3 Nf6 2. g3 d5 3. Bg2 c5 4. O-O Nc6 5. d4 Bg4 6. Ne5 cxd4
7. Nxg4 Nxg4 8. e4 Nf6 9. exd5 Nxd5 10. c3 e6 11. cxd4 Bb4
12. Nc3 Bxc3 13. bxc3 Nxc3 14. Qb3 Nxd4 15. Qxb7 Rb8 16. Qxa7
O-O 17. Kh1 Nc2 18. Bf4 Nxa1 19. Bxb8 Qxb8 20. Qxb8 Rxb8
21. Rxa1 Kf8 22. Bf1 Rb4 23. a3 Ra4 24. Kg2 Ke7 25. Kf3 Kd6
26. Bd3 h6 27. Bc2 Rd4 28. Ke3 Kc5 29. Bb3 Nd5+ 30. Bxd5 Rxd5
31. Rc1+ Kb6 32. Rc4 Rb5 33. Rd4 Kc6 34. Ra4 Rb3+ 35. Ke2 Rb2+
36. Kf3 f5 37. h4 g5 38. h5 Kd5 39. Ra5+ Kd6 40. Ra7 Ke5
41. Rh7 Ra2 42. Rxh6 g4+ 43. Kg2 Rxa3 44. Rg6 Ra7 45. h6 Rh7
46. f3 Kd6 47. fxg4 fxg4 48. Kf2 Ke7 49. Ke3 Kf7 50. Rxg4
1/2-1/2

[Event "FIDE Women's Grand Prix Tehran"]
[Site "Tehran IRI"]
[Date "2016.02.13"]
[EventDate "2016.02.10"]
[Round "3"]
[Result "1/2-1/2"]
[White "Natalia Zhukova"]
[Black "Antoaneta Stefanova"]
[WhiteElo "2484"]
[BlackElo "2509"]
[PlyCount "68"]

1. d4 Nf6 2. c4 g6 3. Nc3 d5 4. cxd5 Nxd5 5. e4 Nxc3 6. bxc3
Bg7 7. Nf3 c5 8. Rb1 O-O 9. Be2 cxd4 10. cxd4 Qa5+ 11. Bd2
Qxa2 12. O-O Bg4 13. Bg5 h6 14. Bh4 g5 15. Bg3 Nc6 16. d5 Na5
17. h4 Rac8 18. hxg5 hxg5 19. Re1 Qc2 20. Nxg5 Bxe2 21. Rxe2
Qxd1+ 22. Rxd1 Nc4 23. e5 Rfd8 24. d6 exd6 25. exd6 Rd7
26. Re7 Rxe7 27. dxe7 Bf6 28. Re1 Re8 29. Ne4 Bb2 30. Nd6 Nxd6
31. Bxd6 b5 32. Rb1 Bf6 33. Rxb5 Bxe7 34. Bxe7 Rxe7 1/2-1/2

[Event "FIDE Women's Grand Prix Tehran"]
[Site "Tehran IRI"]
[Date "2016.02.14"]
[EventDate "2016.02.10"]
[Round "4"]
[Result "0-1"]
[White "Antoaneta Stefanova"]
[Black "Nana Dzagnidze"]
[WhiteElo "2509"]
[BlackElo "2529"]
[PlyCount "100"]

1. Nf3 c5 2. c4 Nc6 3. Nc3 g6 4. e3 d6 5. d4 cxd4 6. exd4 Bg4
7. Be2 Bg7 8. O-O Rc8 9. Re1 Nh6 10. c5 dxc5 11. dxc5 Qxd1
12. Bxd1 Nf5 13. Bf4 O-O 14. h3 Bxf3 15. Bxf3 Nfd4 16. Be4
Rfd8 17. Rac1 f5 18. Bd5+ Kf8 19. a3 Na5 20. b4 Ndb3 21. Bxb3
Nxb3 22. Rc2 Nxc5 23. bxc5 Rxc5 24. Bg5 Re8 25. Rec1 Rec8
26. Rb2 b6 27. Re2 Rxc3 28. Bxe7+ Kf7 29. Rce1 Rc1 30. Bb4
Rxe1+ 31. Rxe1 Bf8 32. Kf1 Rc4 33. Rd1 Bxb4 34. axb4 Ke6
35. Ra1 Rc7 36. Ke2 Rd7 37. h4 Kd5 38. Kd3 Ke5+ 39. Ke3 h6
40. g3 Rc7 41. Ra3 Kd5 42. Kd3 Rf7 43. Ra1 f4 44. g4 f3 45. h5
g5 46. Kc3 Ke4 47. Ra4 b5 48. Ra6 Kf4 49. Rxh6 Kxg4 50. Kd2
Re7 0-1

[Event "FIDE Women's Grand Prix Tehran"]
[Site "Tehran IRI"]
[Date "2016.02.16"]
[EventDate "2016.02.10"]
[Round "5"]
[Result "1-0"]
[White "Dronavalli Harika"]
[Black "Antoaneta Stefanova"]
[WhiteElo "2511"]
[BlackElo "2509"]
[PlyCount "55"]

1. e4 g6 2. d4 Bg7 3. Nc3 d6 4. f4 c5 5. dxc5 dxc5 6. Qxd8+
Kxd8 7. e5 b6 8. Nf3 Nh6 9. Bc4 Nc6 10. Be3 Kc7 11. O-O-O a6
12. h3 f6 13. g4 fxe5 14. fxe5 e6 15. Ng5 Nd4 16. Nce4 Ra7
17. Rhf1 Kb8 18. c3 Nc6 19. Nxe6 Bxe6 20. Bxe6 Nxe5 21. Bf4
Re7 22. g5 Nf5 23. Bxf5 gxf5 24. Ng3 Rf8 25. Nh5 Bh8 26. Nf6
Kc8 27. Bxe5 Rxe5 28. Nd7 1-0

[Event "FIDE Women's Grand Prix Tehran"]
[Site "Tehran IRI"]
[Date "2016.02.17"]
[EventDate "2016.02.10"]
[Round "6"]
[Result "1/2-1/2"]
[White "Antoaneta Stefanova"]
[Black "Pia Cramling"]
[WhiteElo "2509"]
[BlackElo "2521"]
[PlyCount "60"]

1. Nf3 c5 2. c4 Nc6 3. Nc3 g6 4. e3 d6 5. h3 Ne5 6. Nh2 f5
7. d4 Nf7 8. g4 Bd7 9. Bg2 Qc8 10. Qe2 Bg7 11. d5 Nf6 12. gxf5
gxf5 13. f4 Qc7 14. Bd2 e5 15. dxe6 Bxe6 16. O-O a6 17. Rad1
O-O 18. Be1 Rae8 19. Bh4 Nh8 20. Qd3 Ng6 21. Bf2 Rd8 22. Nf3
h6 23. Nh4 Nxh4 24. Bxh4 Qf7 25. b3 Qh5 26. Bg3 Kh8 27. Kh2
Ng4+ 28. Kg1 Nf6 29. Kh2 Ng4+ 30. Kg1 Nf6 1/2-1/2

[Event "FIDE Women's Grand Prix Tehran"]
[Site "Tehran IRI"]
[Date "2016.02.18"]
[EventDate "2016.02.10"]
[Round "7"]
[Result "1-0"]
[White "Ju Wenjun"]
[Black "Antoaneta Stefanova"]
[WhiteElo "2558"]
[BlackElo "2509"]
[PlyCount "95"]

1. Nf3 d5 2. g3 Bg4 3. Bg2 e6 4. c4 c6 5. cxd5 Bxf3 6. Bxf3
cxd5 7. Nc3 Nc6 8. d4 Nf6 9. O-O Be7 10. e3 O-O 11. b3 a6
12. Bb2 b5 13. Qd3 Qb6 14. a4 b4 15. Nb1 Bd6 16. Nd2 e5
17. Bg2 exd4 18. exd4 Bb8 19. Rfd1 Ba7 20. Nf1 Rfe8 21. Ne3
Rad8 22. Rac1 Re6 23. Rc5 Qb8 24. Rc2 Qb6 25. Bf1 Ne7 26. Rdc1
g6 27. Bg2 Nc6 28. Rc5 Ne7 29. a5 Qb8 30. R5c2 Ne8 31. Bh3 f5
32. Re2 Ng7 33. Rce1 Qd6 34. Nc2 Rxe2 35. Qxe2 Kf7 36. Bf1 Rc8
37. Qd2 Rb8 38. Nxb4 Rxb4 39. Ba3 Nc6 40. Rc1 Ne6 41. Rxc6
Qxc6 42. Qxb4 Bxd4 43. Qe7+ Kg8 44. Bd6 Qc8 45. Bxa6 Qc1+
46. Kg2 Qe1 47. Qe8+ Kg7 48. Bf8+ 1-0

[Event "FIDE Women's Grand Prix Tehran"]
[Site "Tehran IRI"]
[Date "2016.02.19"]
[EventDate "2016.02.10"]
[Round "8"]
[Result "1-0"]
[White "Antoaneta Stefanova"]
[Black "Natalia Pogonina"]
[WhiteElo "2509"]
[BlackElo "2454"]
[PlyCount "127"]

1. Nf3 Nf6 2. g3 g6 3. b3 Bg7 4. Bb2 d5 5. c4 c6 6. Bg2 O-O
7. O-O Bf5 8. d3 Qc8 9. Re1 Rd8 10. Nbd2 Bh3 11. Bh1 h6
12. Rc1 e6 13. Rc2 Qd7 14. Qa1 Qe7 15. cxd5 cxd5 16. Rec1 Nc6
17. Ne5 Nxe5 18. Bxe5 Ne8 19. Bxg7 Nxg7 20. Nf3 Ne8 21. Qd4
Nd6 22. Ne5 h5 23. f4 Rdc8 24. Qb4 Rxc2 25. Rxc2 Rc8 26. Rxc8+
Nxc8 27. Qxe7 Nxe7 28. Kf2 f6 29. Nf3 Bg4 30. Nd4 a6 31. b4
Kf7 32. b5 axb5 33. Nxb5 b6 34. Nd6+ Kf8 35. e4 dxe4 36. dxe4
Nc6 37. e5 Nb4 38. a3 Nc2 39. a4 fxe5 40. fxe5 Nb4 41. Nc4 Ke7
42. Nxb6 Kd8 43. Ke3 g5 44. h4 gxh4 45. gxh4 Kc7 46. a5 Nc2+
47. Kf2 Nd4 48. Nc4 Kb8 49. Nd6 Ka7 50. Bb7 Nb3 51. a6 Nc5
52. Nc8+ Kb8 53. Nd6 Ka7 54. Ke3 Nxa6 55. Bf3 Bxf3 56. Kxf3
Nb4 57. Ne8 Nd3 58. Ke4 Ne1 59. Kf4 Nd3+ 60. Ke4 Ne1 61. Ng7
Ng2 62. Nxe6 Nxh4 63. Nf8 Kb7 64. e6 1-0